| 000 | 00690nam a22002057a 4500 | ||
|---|---|---|---|
| 005 | 20240201110344.0 | ||
| 010 | _aENG-139022 | ||
| 020 |
_a9789355322258 _c920.00 |
||
| 035 | _aEN-122554 | ||
| 037 | _bDBAD/PUB | ||
| 082 |
_a620.0042 _26 |
||
| 100 |
_aDieter, George E _961502 |
||
| 245 |
_aEngineering Design/ _cBy George E Dieter and Linda C Schmidt |
||
| 250 | _a6 | ||
| 260 |
_bMcGraw Hill Education India Pvt Limited _c2022 _aChennai |
||
| 270 |
_a444/1, Sri Ekambara Naicker Industrial Estate, Alapakkam _bChennai _e600116 |
||
| 300 |
_axix,596,I-27p. _c24cm(pbk) _bill. |
||
| 700 |
_aSchmidt, Linda C _eAuthor _961503 |
||
| 942 |
_2ddc _cEN _h620.0042 _mDIE _e6 |
||
| 999 |
_c200480 _d200480 |
||